Clear your clutter with feng shui / (Record no. 478681)

000 -LEADER
fixed length control field 01362cam a2200361 a 4500
001 - CONTROL NUMBER
control field 1200894
003 - CONTROL NUMBER IDENTIFIER
control field NUST
005 - DATE AND TIME OF LATEST TRANSACTION
control field 20180704071656.0
008 - FIXED-LENGTH DATA ELEMENTS--GENERAL INFORMATION
fixed length control field 981102r19991998nyu b 001 0 eng
010 ## - LIBRARY OF CONGRESS CONTROL NUMBER
LC control number 98050645
020 ## - INTERNATIONAL STANDARD BOOK NUMBER
International Standard Book Number 0767903595 (pbk.)
035 ## - SYSTEM CONTROL NUMBER
System control number (DLC) 98050645
038 ## - RECORD CONTENT LICENSOR
Staff Name Arshad
040 ## - CATALOGING SOURCE
Original cataloging agency DLC
Transcribing agency DLC
Modifying agency DLC
050 00 - LIBRARY OF CONGRESS CALL NUMBER
Classification number BF1779.F4
Item number K554 1999
082 00 - DEWEY DECIMAL CLASSIFICATION NUMBER
Classification number 133.3337
Author Mark KIN
100 1# - MAIN ENTRY--PERSONAL NAME
Personal name Kingston, Karen.
9 (RLIN) 11424
245 10 - TITLE STATEMENT
Title Clear your clutter with feng shui /
Statement of responsibility, etc. Karen Kingston.
250 ## - EDITION STATEMENT
Edition statement 1st U.S. ed.
260 ## - PUBLICATION, DISTRIBUTION, ETC.
Place of publication, distribution, etc. New York :
Name of publisher, distributor, etc. Broadway Books,
Date of publication, distribution, etc. 1999.
300 ## - PHYSICAL DESCRIPTION
Extent xi, 179 p. ;
Dimensions 19 cm.
500 ## - GENERAL NOTE
General note Originally published: 1998.
504 ## - BIBLIOGRAPHY, ETC. NOTE
Bibliography, etc. note Includes bibliographical references (p. 167-169) and index.
650 #0 - SUBJECT ADDED ENTRY--TOPICAL TERM
Topical term or geographic name entry element Feng shui.
9 (RLIN) 11425
650 #0 - SUBJECT ADDED ENTRY--TOPICAL TERM
Topical term or geographic name entry element House cleaning
Location of event Miscellanea.
9 (RLIN) 11426
650 #0 - SUBJECT ADDED ENTRY--TOPICAL TERM
Topical term or geographic name entry element Conduct of life
General subdivision Miscellanea.
9 (RLIN) 11427
856 42 - ELECTRONIC LOCATION AND ACCESS
Materials specified Contributor biographical information
Uniform Resource Identifier <a href="http://www.loc.gov/catdir/bios/random058/98050645.html">http://www.loc.gov/catdir/bios/random058/98050645.html</a>
856 41 - ELECTRONIC LOCATION AND ACCESS
Materials specified Sample text
Uniform Resource Identifier <a href="http://www.loc.gov/catdir/samples/random043/98050645.html">http://www.loc.gov/catdir/samples/random043/98050645.html</a>
856 42 - ELECTRONIC LOCATION AND ACCESS
Materials specified Publisher description
Uniform Resource Identifier <a href="http://www.loc.gov/catdir/description/random048/98050645.html">http://www.loc.gov/catdir/description/random048/98050645.html</a>
906 ## - LOCAL DATA ELEMENT F, LDF (RLIN)
a 7
b cbc
c orignew
d 1
e ocip
f 19
g y-gencatlg
942 ## - ADDED ENTRY ELEMENTS (KOHA)
Source of classification or shelving scheme
Koha item type Book
Holdings
Withdrawn status Lost status Source of classification or shelving scheme Damaged status Not for loan Permanent Location Current Location Shelving location Date acquired Total Checkouts Full call number Barcode Date last seen Date last checked out Copy number Price effective from Koha item type
          Central Library (CL) Central Library (CL) Book Cart 07/04/2018 2 133.3337 KIN CL388 07/15/2023 03/04/2019 1 07/04/2018 Book
© 2023 Central Library, National University of Sciences and Technology. All Rights Reserved.